Movies Quiz

Random Movies or Oscar Quiz

Best Picture Nominees - 1,2,3 Word Clues Quiz Stats

 Plays Quiz not verified by Sporcle

Challenge
Share
Tweet
Embed
Score 0/30 Timer 05:00
0 Plays Today
Clue Movie Title % Correct
Houston...Apollo 13
90.1%
Fava beansThe Silence of the Lambs
85.5%
Biggest boatTitanic
83.4%
Bigger boatJaws
83.2%
Lollipop guildThe Wizard of Oz
77.1%
That'll do, pig.Babe
69.7%
WoodchipperFargo
68.2%
Please, Sir...Oliver
62.5%
MISTER TibbsIn the Heat of the Night
56.6%
Duelling banjosDeliverance
49.1%
I'm walkin' here.Midnight Cowboy
44.2%
Bumpy nightAll About Eve
37.3%
Pinot noirSideways
35.2%
La-di-daAnnie Hall
33.5%
Ultra-violenceA Clockwork Orange
32.6%
Clue Movie Title % Correct
WapnerRain Man
31.6%
WilkommenCabaret
30.7%
Come what mayMoulin Rouge
25.9%
VangelisChariots of Fire
25.1%
Fiddle-dee-deeGone With the Wind
23.2%
Mo cuishleMillion Dollar Baby
22.7%
Precious bodily fluidsDr. Strangelove or: How I Learned to Stop Worrying and Love the Bomb
19%
TatonkaDances With Wolves
16.8%
Ramming speed!Ben Hur
13.5%
It's showtime, folks!All That Jazz
10.7%
An absolute goodSchindler's List
10.7%
Captain HowdyThe Exorcist
9.3%
I was misinformed.Casablanca
9%
Rach 3Shine
3.2%
Frog OneThe French Connection
3%

You're not logged in!

Compare scores with friends on all Sporcle quizzes.
Join for Free
OR
Log In

You Might Also Like...

Show Comments

Extras

Top Quizzes Today


Score Distribution

Your Account Isn't Verified!

In order to create a playlist on Sporcle, you need to verify the email address you used during registration. Go to your Sporcle Settings to finish the process.

Report this User

Report this user for behavior that violates our Community Guidelines.

Details: